000 01341nam a2200337 c 4500
003 BLK
005 20241217171201.0
008 180408b bul|||||r ||||||| ||bul||
010 _aKNG00070206000
020 _a954-8857-
_bиздат.: Веди
040 _aBLK
041 _aBUL
_cBUL
080 _aБългарска литература в основното училище. Методика на обучението
_b373.3.016:821.163.2
_x(075.2)
_z373.3.016:821.163.2(075.2)
700 1 _aМитева, Елена
_eсъстав.
_9366909
139 _aЛитературни анализи
_bЛ 69
245 1 0 _aЛитературни анализи
_bVІІ кл.
_cсъстав. Елена Митева.
257 _aBGR
260 София
_bВеди
_c2006
_fСофия : Рута
300 _a228 с.
_c24 см
380 _a3
650 4 _aБългарска литература - методика на преподаването - за основни училища
_9257239
653 _aбългарска литература
653 _aлитературни анализи
653 _aVІІ кл.
852 _aЦб 230559
856 4 _qpdf
_u
856 4 _qpdf
_u
942 _cKNG
_n0
_06
944 _aCR
_c22.12.2006
_k30537
_lГрета Цуфелде
944 _aED
_c08.01.2007
_k
999 _c65923
_d65923